000 00356nam a2200157Ia 4500
008 221030s9999 xx 000 0 und d
020 _a813150767X
041 _aEnglish
082 _a105.23
100 _aT. Simpson
245 0 _aVirtual Machines
260 _bCengage Learning
_aNew Delhi
_c2009
300 _a90
650 _aBE Computer
942 _cBK
999 _c6280
_d6280